| 000 | 00438nam a2200145 i 4500 | ||
|---|---|---|---|
| 001 | 48450 | ||
| 003 | ES-MaACL | ||
| 007 | t| | ||
| 008 | 030820s1885 xxk ||||1| eng d | ||
| 100 | 1 |
_aDavidson, Thomas. _942907 |
|
| 245 | 1 | 2 |
_aA few remarks on the brachiopodo / _cby Thomas Davidson. |
| 260 |
_a[London : _bs.n., _c1855] |
||
| 500 | _aFrom the Annals and Magazine of Natural History, for december 1855. | ||
| 852 |
_aES-MaACL _jT-908-F-6 |
||
| 999 |
_c48450 _d48450 |
||